[Event "Mittelrhein Regionalliga 16/17"]
[Site "Nordrheinwestfalen"]
[Date "2017.01.29"]
[Round "7.2"]
[White "Schulte Geers, Niklas"]
[Black "Lamby, Philipp"]
[Result "0-1"]
[WhiteElo "1971"]
[BlackElo "2242"]
[PlyCount "72"]
[EventDate "2016.09.11"]
[EventType "team-tourn"]
[EventRounds "11"]
[EventCountry "GER"]
[SourceTitle "EXT 2022"]
[Source "ChessBase"]
[SourceDate "2021.10.06"]
[SourceVersion "1"]
[SourceVersionDate "2021.10.06"]
[SourceQuality "1"]
[WhiteTeam "Godesberg III"]
[BlackTeam "Aachen SV II"]
[WhiteTeamCountry "GER"]
[BlackTeamCountry "GER"]

1. d4 Nf6 2. c4 e6 3. Nf3 d5 4. Bg5 Bb4+ 5. Nbd2 h6 6. Bxf6 Qxf6 7. Qa4+ Nc6 8. cxd5 exd5 9. e3 Bd7 10. Bb5 Bd6 11. 0-0 0-0 12. Rac1 a6 13. Bxc6 Bxc6 14. Qc2 Rac8 15. e4 dxe4 16. Nxe4 Qe6 17. Nxd6 cxd6 18. Qb3 Bd5 19. Qa3 Bxa2 20. Rce1 Qd5 21. Re7 Bc4 22. Rfe1 Bb5 23. h3 Rfe8 24. Qa5 Rxe7 25. Rxe7 Bc6 26. Qb6 Kf8 27. Re3 Qb5 28. Rb3 Qxb6 29. Rxb6 Ke7 30. Nd2 Bd5 31. Nb3 Kd7 32. Nd2 Rc1+ 33. Kh2 Rc2 34. Nb1 Kc7 35. Rb4 b5 36. Nc3 Bc4 0-1

[Event "Mittelrhein Verbandsliga Ost 1415"]
[Site "Mittelrhein"]
[Date "2015.02.22"]
[Round "8.7"]
[White "Schulte Geers, Niklas"]
[Black "Hack, Thomas1111"]
[Result "0-1"]
[WhiteElo "1816"]
[BlackElo "1920"]
[PlyCount "72"]
[EventDate "2014.09.07"]
[EventType "team-tourn"]
[EventRounds "11"]
[EventCountry "GER"]
[SourceTitle "EXT 2023"]
[Source "ChessBase"]
[SourceDate "2022.10.05"]
[SourceVersion "1"]
[SourceVersionDate "2022.10.05"]
[SourceQuality "1"]
[WhiteTeam "Godesberg IV"]
[BlackTeam "Euskirchen Turm"]
[WhiteTeamCountry "GER"]
[BlackTeamCountry "GER"]

1. d4 Nf6 2. c4 e6 3. Qc2 d5 4. Nf3 Bb4+ 5. Bd2 Bxd2+ 6. Nbxd2 0-0 7. e3 c6 8. Bd3 Nbd7 9. e4 dxe4 10. Nxe4 Nxe4 11. Bxe4 Nf6 12. 0-0 Qc7 13. Ne5 Qb6 14. Rfd1 Nxe4 15. Qxe4 Qxb2 16. Rab1 Qxa2 17. Ra1 Qb2 18. Rab1 Qa2 19. Ra1 Qb3 20. Rd3 Qb2 21. Rad1 Qc2 22. Ng4 f5 23. Nh6+ Kh8 24. Qe5 Bd7 25. Qc7 Be8 26. g4 fxg4 27. R1d2 Qc1+ 28. Kg2 Bg6 29. Rd1 Qxh6 30. Re3 Rf4 31. Qxb7 Raf8 32. Rd2 Be4+ 33. Kg1 Bf3 34. Qb1 R4f5 35. Qf1 Rh5 36. h4 Rxh4 0-1

[Event "Mittelrhein Verbandsliga Ost 1415"]
[Site "Mittelrhein"]
[Date "2014.10.19"]
[Round "3.7"]
[White "Schmitz, Paul"]
[Black "Schulte Geers, Niklas"]
[Result "0-1"]
[WhiteElo "1596"]
[BlackElo "1801"]
[PlyCount "56"]
[EventDate "2014.09.07"]
[EventType "team-tourn"]
[EventRounds "11"]
[EventCountry "GER"]
[SourceTitle "EXT 2023"]
[Source "ChessBase"]
[SourceDate "2022.10.05"]
[SourceVersion "1"]
[SourceVersionDate "2022.10.05"]
[SourceQuality "1"]
[WhiteTeam "Fritzdorf"]
[BlackTeam "Godesberg IV"]
[WhiteTeamCountry "GER"]
[BlackTeamCountry "GER"]

1. e4 c6 2. d4 d5 3. e5 c5 4. c3 Nc6 5. Nf3 Bg4 6. Bb5 e6 7. Bxc6+ bxc6 8. h3 Bh5 9. Be3 Qb6 10. Qb3 Qc7 11. Nbd2 Rb8 12. Qc2 Bg6 13. Qc1 Qb6 14. b3 cxd4 15. cxd4 Qa6 16. Nh4 Ba3 17. Qd1 Bd3 18. f4 Bb2 19. Kf2 Bxa1 20. Qxa1 Ne7 21. Rc1 0-0 22. Rc3 h6 23. Qc1 c5 24. dxc5 d4 25. Bxd4 Nd5 26. Rxd3 Qxd3 27. Ndf3 Nb4 28. c6 Qxd4+ 0-1